000 00586cas a22001935a 4500
001 L130
008 070712c1964 xxkmr ps 0 a0eng
022 1 _a0042-0980
035 _a(Sirsi) u98768
041 0 _aeng
245 0 0 _aUrban Studies
260 _aAbingdon
_bCarfax Publishing Company
_c1964-
520 _aAvailable online as an e-journal at www.rics.org/ejournals.
651 4 _aInternational
690 _aPlanning and development
_96259
856 4 1 _uhttps://journals.sagepub.com/home/usj
_zSelected articles available online
942 _n0
_2ddc
948 _c01/03/1994
999 _c118516
_d118516